000 00508 a2200193 4500
005 20260203161518.0
008 260203b |||||||| |||| 00| 0 eng d
020 _a9789390016228
_cRs. 1200.00
040 _aMAIN
082 _a796.077
_bS19S
100 _aSahu, Rakesh
245 _aScientific principles of sports training
260 _bSports Publication
_c2024
_aNew Delhi
300 _a329
440 _aM.P.ED Series
650 _aPhysical Education
650 _aSports Training
942 _cBK
999 _c394072
_d394072